000
00317nam a22001457a 4500
008
230615b ||||| |||| 00| 0 eng d
020
_a
9780072231533
041
_a
eng
080
_a
34
082
_a
37BER
100
_a
23
101
_a
EDU
245
_a
HOW TO DO EVERYTHING WITH
_c
BERGSLAND.D
942
_2
udc
_c
BK
999
_c
59986
_d
59986